|
|
|
|
| LEADER |
01177nam a2200253 a 4500 |
| 001 |
1161934 |
| 008 |
091005s1996 dcu b 000 0 eng d |
| 010 |
|
|
|a 96016165
|
| 020 |
|
|
|a 0821336509 (pbk.)
|
| 040 |
|
|
|a DLC
|c DLC
|d DLC
|
| 082 |
0 |
0 |
|a 363/.09172/4
|2 20
|
| 100 |
1 |
|
|a Schübeler, Peter,
|d 1942-
|
| 245 |
1 |
0 |
|a Participation and partnership in urban infrastructure management /
|c Peter Schübeler.
|
| 260 |
|
|
|a Washington, D.C. :
|b Published for the Urban Management Programme by the World Bank,
|c c1996.
|
| 300 |
|
|
|a vii, 101 p. ;
|c 28 cm.
|
| 490 |
1 |
|
|a Urban Management Programme,
|x 1020-0215 ;
|v 19
|
| 500 |
|
|
|a At head of title: UNDP/UNCHS(Habitat)/World Bank.
|
| 504 |
|
|
|a Includes bibliographical references (p. [98]-101).
|
| 541 |
1 |
|
|e 00007139
|
| 650 |
|
0 |
|a Infrastructure (Economics)
|z Developing countries
|x Management
|x Case studies.
|
| 830 |
|
0 |
|a Urban Management Program (Series) ;
|v 19.
|
| 852 |
4 |
|
|a Ayesha Abed Library
|j General Shelf.
|
| 999 |
|
|
|c 4246
|d 4246
|
| 952 |
|
|
|0 0
|1 0
|2 ddc
|4 0
|6 363_091724000000000_SCH_1996
|7 0
|9 3906
|a BRACUL
|b BRACUL
|c GEN
|d 2009-10-06
|g 0.00
|l 0
|o 363.091724 SCH
|p 3010007139
|r 2009-10-06
|t 1
|w 2009-10-06
|y BK
|x No price found in the accession register.
|